[Event "Belgrade Serbia op"]
[Site "Belgrade"]
[Date "2023.07.24"]
[Round "9"]
[White "Marjanovic, Rastko"]
[Black "Lapitsky, Sergey"]
[Result "1-0"]
[WhiteElo "2072"]
[BlackElo "1750"]
[PlyCount "72"]
[EventDate "2023.07.16"]
[EventType "swiss"]
[EventRounds "9"]
[EventCountry "SRB"]
[SourceTitle "EXT 2024"]
[Source "ChessBase"]
[SourceDate "2023.10.10"]
[SourceVersion "1"]
[SourceVersionDate "2023.10.10"]
[SourceQuality "1"]

1. e4 c5 2. c3 Nf6 3. e5 Nd5 4. Nf3 Nc6 5. d4 cxd4 6. Bc4 Nb6 7. Bb3 d5 8. exd6 Qxd6 9. 0-0 Be6 10. Na3 a6 11. Bxe6 Qxe6 12. Nxd4 Nxd4 13. Qxd4 Qf6 14. Qe4 0-0-0 15. Bf4 e6 16. Nc4 Nd5 17. Be5 Qf5 18. Qxf5 exf5 19. Rfd1 Bc5 20. b4 b5 21. Na5 f6 22. bxc5 fxe5 23. Nc6 Nxc3 24. Re1 e4 25. Nxd8 Rxd8 26. Re3 Rd3 27. Kf1 Rxe3 28. fxe3 Kc7 29. Ke1 Kc6 30. Kd2 Na4 31. Rf1 g6 32. g4 fxg4 33. Rf7 h5 34. Rf6+ Kxc5 35. Rxa6 Kb4 36. Rxg6 Ka3 1-0

[Event "Belgrade Serbia op"]
[Site "Belgrade"]
[Date "2023.07.21"]
[Round "6"]
[White "Lapitsky, Sergey"]
[Black "Kostic, Branimir"]
[Result "1/2-1/2"]
[WhiteElo "1750"]
[BlackElo "2134"]
[PlyCount "85"]
[EventDate "2023.07.16"]
[EventType "swiss"]
[EventRounds "9"]
[EventCountry "SRB"]
[SourceTitle "CBM 215 Extra"]
[Source "ChessBase"]
[SourceDate "2023.09.30"]
[SourceVersion "1"]
[SourceVersionDate "2023.09.30"]
[SourceQuality "1"]

1. e4 c5 2. c3 Nf6 3. e5 Nd5 4. d4 cxd4 5. Nf3 Nc6 6. cxd4 d6 7. Bc4 Nb6 8. Bb5 dxe5 9. Nxe5 Bd7 10. Nxd7 Qxd7 11. 0-0 Rd8 12. Be3 e6 13. Nc3 a6 14. Bxc6 Qxc6 15. Qg4 h5 16. Qe2 Be7 17. Rac1 Nd5 18. Ne4 Qd7 19. Rfd1 g6 20. Nc5 Bxc5 21. dxc5 Qc6 22. Qf3 h4 23. h3 Rh5 24. a3 Rf5 25. Qg4 Rh5 26. Qf3 Ke7 27. b4 Rg8 28. Rd4 Rf5 29. Qg4 g5 30. Re1 Rg6 31. Bc1 Kf8 32. Qe4 Kg7 33. Bb2 Kh6 34. Bc1 Kg7 35. Bb2 Kh7 36. Bc1 Qa4 37. Qg4 Qc2 38. Rd2 Qc3 39. Rde2 Nf4 40. Bxf4 Rxf4 41. Qh5+ Kg7 42. Re3 Qf6 43. Rf3 1/2-1/2

[Event "Belgrade Serbia op"]
[Site "Belgrade"]
[Date "2023.07.16"]
[Round "1"]
[White "Simonovic, Miroslav"]
[Black "Lapitsky, Sergey"]
[Result "1-0"]
[WhiteElo "2082"]
[BlackElo "1750"]
[PlyCount "67"]
[EventDate "2023.07.16"]
[EventType "swiss"]
[EventRounds "9"]
[EventCountry "SRB"]
[SourceTitle "CBM 215 Extra"]
[Source "ChessBase"]
[SourceDate "2023.09.30"]
[SourceVersion "1"]
[SourceVersionDate "2023.09.30"]
[SourceQuality "1"]

1. d4 d5 2. Bg5 Nf6 3. Bxf6 gxf6 4. e3 c6 5. c4 Qb6 6. Qd2 Bf5 7. Nc3 e6 8. a3 Nd7 9. b4 a5 10. c5 Qc7 11. b5 Bg7 12. Be2 0-0 13. h4 e5 14. b6 Qd8 15. g4 Be6 16. f4 exd4 17. exd4 f5 18. g5 f6 19. 0-0-0 fxg5 20. hxg5 Qe7 21. Qe3 Nxb6 22. Qh3 h6 23. gxh6 Bf6 24. Nf3 Nc4 25. Rde1 b6 26. Bxc4 dxc4 27. Ne5 Bxe5 28. Rxe5 Kh8 29. Rhe1 Rf6 30. Qg2 Rxh6 31. Qxc6 Re8 32. d5 Rd8 33. Rxe6 Rxe6 34. Rxe6 1-0

[Event "St Petersburg Korchnoi Memorial op"]
[Site "St Petersburg"]
[Date "2019.08.16"]
[Round "3"]
[White "Lapitsky, Sergey"]
[Black "Romanov, Ivan I"]
[Result "1/2-1/2"]
[WhiteElo "1860"]
[BlackElo "1425"]
[PlyCount "67"]
[EventDate "2019.08.14"]
[EventType "swiss"]
[EventRounds "9"]
[EventCountry "RUS"]
[SourceTitle "CBM 192"]
[Source "ChessBase"]
[SourceDate "2019.10.31"]
[SourceVersion "1"]
[SourceVersionDate "2019.10.31"]
[SourceQuality "1"]

1. e4 c5 2. Nf3 d6 3. d4 cxd4 4. Qxd4 Nc6 5. Bb5 Bd7 6. Bxc6 Bxc6 7. Bg5 h6 8. Bh4 Nf6 9. Bxf6 exf6 10. Nc3 Qc7 11. 0-0 Be7 12. Rad1 0-0 13. Qe3 Rfe8 14. Nd4 Bf8 15. Qf4 Rad8 16. Nf5 b5 17. Ne3 Qe7 18. f3 Qe5 19. Ned5 a5 20. a3 b4 21. axb4 axb4 22. Ne2 Bxd5 23. Rxd5 Qxb2 24. Nd4 Re5 25. Rd1 Rxd5 26. exd5 Re8 27. Qd2 g6 28. Nc6 b3 29. cxb3 Qxb3 30. Kf2 Bg7 31. Qd3 Qb2+ 32. Qd2 Qb3 33. Qd3 Qb2+ 34. Qd2 1/2-1/2

[Event "St Petersburg Blockade op"]
[Site "St Petersburg"]
[Date "2013.01.09"]
[Round "7"]
[White "Lapitsky, Sergey"]
[Black "Safronov, Kirill"]
[Result "0-1"]
[WhiteElo "1923"]
[BlackElo "2012"]
[PlyCount "74"]
[EventDate "2013.01.03"]
[EventType "swiss"]
[EventRounds "9"]
[EventCountry "RUS"]
[SourceTitle "CBM 152 Extra"]
[Source "ChessBase"]
[SourceDate "2013.02.25"]
[SourceVersion "1"]
[SourceVersionDate "2013.02.25"]
[SourceQuality "1"]

1. Nf3 d6 2. e3 Nf6 3. b3 a5 4. c4 g6 5. Bb2 Bg7 6. Be2 Nc6 7. d4 0-0 8. 0-0 Nd7 9. Nc3 e5 10. Rc1 Re8 11. dxe5 Ndxe5 12. Nd4 Nxd4 13. exd4 Nc6 14. Nb5 Ne7 15. Ba3 Nf5 16. d5 Bd7 17. Bd3 Bxb5 18. Bxf5 Bxc4 19. Rxc4 gxf5 20. Qc2 Rc8 21. Qxf5 Re5 22. Qh3 Rb8 23. Rg4 Rg5 24. Rh4 Qc8 25. Qf3 Qf5 26. Qxf5 Rxf5 27. Rc4 Rxd5 28. Rxc7 b5 29. Bc1 Rc5 30. Rd7 Be5 31. Ra7 b4 32. Be3 Rd5 33. Ra6 Kg7 34. f4 Bc3 35. f5 Re8 36. Bg5 Bd4+ 37. Kh1 Rxf5 0-1

[Event "St Petersburg Blockade op"]
[Site "St Petersburg"]
[Date "2013.01.08"]
[Round "6"]
[White "Katyshkina, Anastasia"]
[Black "Lapitsky, Sergey"]
[Result "1/2-1/2"]
[WhiteElo "1889"]
[BlackElo "1923"]
[PlyCount "57"]
[EventDate "2013.01.03"]
[EventType "swiss"]
[EventRounds "9"]
[EventCountry "RUS"]
[SourceTitle "CBM 152 Extra"]
[Source "ChessBase"]
[SourceDate "2013.02.25"]
[SourceVersion "1"]
[SourceVersionDate "2013.02.25"]
[SourceQuality "1"]

1. e4 Nc6 2. Bc4 e6 3. d4 d5 4. exd5 exd5 5. Bb5 Bd6 6. Nc3 Nge7 7. Nf3 0-0 8. 0-0 Bg4 9. Be2 a6 10. h3 Bh5 11. Be3 Re8 12. Qd2 f6 13. a3 Bf7 14. Bd3 Ng6 15. Rfe1 Nce7 16. Ne2 c6 17. b3 b5 18. a4 Bc7 19. Ra2 Ba5 20. b4 Bc7 21. Rea1 Rb8 22. axb5 axb5 23. Nc1 Nc8 24. Qc3 Qd6 25. Bxg6 Bxg6 26. Nd3 Bxd3 27. cxd3 Re6 28. Ra6 Ne7 29. Rc1 1/2-1/2

[Event "St Petersburg White Nights op"]
[Site "St Petersburg"]
[Date "2012.06.03"]
[Round "2"]
[White "Lapitsky, Sergey"]
[Black "Chernyak, Viktoria"]
[Result "1/2-1/2"]
[WhiteElo "1907"]
[BlackElo "1862"]
[PlyCount "61"]
[EventDate "2012.06.02"]
[EventType "swiss"]
[EventRounds "9"]
[EventCountry "RUS"]
[SourceTitle "CBM 148 Extra"]
[Source "ChessBase"]
[SourceDate "2012.06.22"]
[SourceVersion "1"]
[SourceVersionDate "2012.06.22"]
[SourceQuality "1"]

1. e4 c5 2. Nc3 e6 3. Nf3 d6 4. d4 cxd4 5. Nxd4 Nf6 6. Be2 Be7 7. 0-0 0-0 8. Be3 Nc6 9. f4 Nxd4 10. Bxd4 Nd7 11. Qe1 e5 12. Be3 exf4 13. Bxf4 Bg5 14. Nd5 Bxf4 15. Rxf4 Ne5 16. Qg3 Ng6 17. Rff1 Be6 18. Kh1 Rc8 19. Bd3 Bxd5 20. exd5 Rc5 21. c4 Ne5 22. b4 Rc7 23. Rac1 Nxd3 24. Qxd3 b6 25. Qd4 Qd7 26. Rc3 g6 27. h3 Rd8 28. Qf6 b5 29. cxb5 Rxc3 30. Qxc3 Qxb5 31. Rd1 1/2-1/2

[Event "St Petersburg Blockade op"]
[Site "St Petersburg"]
[Date "2012.01.09"]
[Round "7"]
[White "Klevets, Ksenia"]
[Black "Lapitsky, Sergey"]
[Result "0-1"]
[WhiteElo "1837"]
[BlackElo "1940"]
[PlyCount "100"]
[EventDate "2012.01.03"]
[EventType "swiss"]
[EventRounds "9"]
[EventCountry "RUS"]
[SourceTitle "EXT 2014"]
[Source "ChessBase"]
[SourceDate "2013.11.20"]
[SourceVersion "1"]
[SourceVersionDate "2013.11.20"]
[SourceQuality "1"]

1. e4 Nc6 2. Nf3 e5 3. Nc3 Nf6 4. Bb5 Bb4 5. 0-0 0-0 6. d3 d6 7. Bg5 Ne7 8. Nh4 c6 9. Ba4 Bc5 10. Bxf6 gxf6 11. Qf3 Ng6 12. Nf5 Kh8 13. Ne2 d5 14. c3 Rg8 15. g3 Nh4 16. Qh5 Nxf5 17. exf5 Rg5 18. Qxf7 b5 19. Bc2 Bxf5 20. Qb7 Rc8 21. b4 Rc7 22. Qa6 Bb6 23. Rac1 Bg4 24. Rfe1 Bf3 25. Kf1 Qe7 26. Ng1 Bg4 27. Kg2 Rh5 28. h4 Qg7 29. Kf1 Rf5 30. d4 Rh5 31. Qa3 e4 32. Bd1 f5 33. f3 Rf7 34. fxg4 fxg4+ 35. Kg2 Qf6 36. Qb2 Rf5 37. Rc2 Rf1 38. Rce2 Bc7 39. Qd2 Rf3 40. Kh1 Rxg3 41. Qg5 Qd6 42. Qe5+ Qxe5 43. dxe5 Bxe5 44. Re3 Rxe3 45. Rxe3 g3 46. Ne2 Rf1+ 47. Kg2 Rxd1 48. Nxg3 Rd2+ 49. Kh3 Bxg3 50. Rxg3 Rd3 0-1

[Event "St Petersburg Blockade op"]
[Site "St Petersburg"]
[Date "2012.01.05"]
[Round "3"]
[White "Gusev, Boris"]
[Black "Lapitsky, Sergey"]
[Result "1/2-1/2"]
[WhiteElo "1715"]
[BlackElo "1940"]
[PlyCount "67"]
[EventDate "2012.01.03"]
[EventType "swiss"]
[EventRounds "9"]
[EventCountry "RUS"]
[SourceTitle "EXT 2014"]
[Source "ChessBase"]
[SourceDate "2013.11.20"]
[SourceVersion "1"]
[SourceVersionDate "2013.11.20"]
[SourceQuality "1"]

1. Nf3 Nf6 2. g3 e6 3. Bg2 d5 4. d4 c5 5. e3 Nc6 6. 0-0 Be7 7. Na3 0-0 8. c4 Re8 9. b3 cxd4 10. Nxd4 e5 11. Ndc2 Bg4 12. Bf3 Bxf3 13. Qxf3 e4 14. Qe2 Ne5 15. Ne1 Rc8 16. f4 exf3 17. Nxf3 Neg4 18. Nc2 dxc4 19. bxc4 Qc7 20. Nd2 b5 21. Rf4 Ne5 22. Bb2 Nxc4 23. Nxc4 bxc4 24. Bd4 Qb7 25. Raf1 Rc6 26. Qf3 Qa6 27. a3 Qc8 28. Bxa7 Bc5 29. Nb4 Rce6 30. Bxc5 Qxc5 31. Nc2 h6 32. g4 R6e7 33. h4 c3 34. Rf5 1/2-1/2